[Event "World Rapid 2022"]
[Site "Almaty KAZ"]
[Date "2022.12.27"]
[Round "9.72"]
[White "Tang, Andrew"]
[Black "Khripachenko, Alexander"]
[Result "1-0"]
[WhiteTitle "GM"]
[BlackTitle "FM"]
[WhiteElo "2540"]
[BlackElo "2219"]
[WhiteFideId "2059630"]
[BlackFideId "54184975"]
[EventDate "2022.12.26"]

1. d4 d5 2. Bf4 c5 3. e3 cxd4 4. exd4 Nc6 5. Nf3 Bf5 6. Nbd2 e6 7. c3 Bd6 8.
Bxd6 Qxd6 9. Nh4 Bg6 10. Nxg6 hxg6 11. Nf3 Nf6 12. Bd3 Ne4 13. Qe2 f5 14. Bb5
O-O-O 15. O-O-O Kb8 16. Kb1 g5 17. Bxc6 Qxc6 18. Ne5 Qb6 19. Ka1 Qc7 20. f3 Nd6
21. Nd3 Rde8 22. g3 Nf7 23. Rhe1 Ka8 24. Qd2 Qd6 25. Ne5 Nxe5 26. Rxe5 Qe7 27.
Rde1 Qf6 28. a3 a6 29. R1e2 Qg6 30. Qe3 Qh5 31. g4 fxg4 32. Rxg5 Qh3 33. fxg4
Qf1+ 34. Ka2 Rh3 35. Qf2 Qd1 36. Rxg7 Qa4 37. Rc7 Qb5 38. g5 a5 39. Rc5 Qb6 40.
a4 Qd8 41. Qf6 Qxf6 42. gxf6 Rhh8 43. Rc7 1-0

[Event "World Rapid 2022"]
[Site "Almaty KAZ"]
[Date "2022.12.27"]
[Round "9.73"]
[White "Gurel, Ediz"]
[Black "Khusnutdinov, Rustam"]
[Result "0-1"]
[WhiteTitle "IM"]
[BlackTitle "GM"]
[WhiteElo "2454"]
[BlackElo "2441"]
[WhiteFideId "44507356"]
[BlackFideId "13701703"]
[EventDate "2022.12.26"]

1. e4 e5 2. Nf3 Nc6 3. Bb5 a6 4. Ba4 Nge7 5. O-O Ng6 6. c3 d5 7. exd5 Qxd5 8.
Bb3 Qd3 9. Bc2 Qd6 10. Re1 Be7 11. d4 exd4 12. cxd4 Bg4 13. h3 Bxf3 14. Qxf3 O-O
15. Be3 Bf6 16. Nc3 Nxd4 17. Bxd4 Bxd4 18. Rad1 Qf6 19. Qxf6 Bxf6 20. Nd5 Rad8
21. Nxc7 Bxb2 22. Rb1 Bc3 23. Re3 Ba5 24. Rxb7 Rd7 25. Ra3 Bxc7 26. g3 Bd6 27.
Rxd7 Bxa3 28. Ra7 Bc5 29. Rxa6 Rd8 30. Rc6 Bd4 31. Bb3 Ne5 32. Rc7 g5 33. Kg2
Rd6 34. f4 gxf4 35. gxf4 Rg6+ 36. Kf1 Rf6 0-1

[Event "World Rapid 2022"]
[Site "Almaty KAZ"]
[Date "2022.12.27"]
[Round "9.74"]
[White "Damjanovic, Vuk"]
[Black "Ghasi, Ameet K"]
[Result "1/2-1/2"]
[WhiteTitle "FM"]
[BlackTitle "IM"]
[WhiteElo "2361"]
[BlackElo "2471"]
[WhiteFideId "980021"]
[BlackFideId "409200"]
[EventDate "2022.12.26"]

1. d4 Nf6 2. Nf3 g6 3. g3 Bg7 4. Bg2 O-O 5. O-O c6 6. c3 d6 7. Re1 Qc7 8. Nbd2
e5 9. e4 Re8 10. Qc2 Nbd7 11. a4 b6 12. b3 a6 13. Ba3 Bf8 14. Bb2 Bb7 15. h3 b5
16. axb5 cxb5 17. d5 Nc5 18. Bf1 Rec8 19. Ba3 Ncd7 20. Bb2 Bh6 21. h4 Nb6 22.
Ng5 Bg7 23. Rec1 Qe7 24. b4 Rc7 25. Nb3 Bc8 26. Na5 Bd7 27. Bd3 h6 28. Nf3 Nbxd5
29. exd5 e4 30. Be2 exf3 31. Bxf3 Ng4 32. Nc6 Qf6 33. Bg2 Ne5 34. c4 Nf3+ 35.
Bxf3 Qxb2 36. Qxb2 Bxb2 37. cxb5 Bxc1 38. Rxc1 Kf8 39. Ra1 Bc8 40. Be2 Rb7 41.
Rxa6 Rxa6 42. bxa6 Rb6 43. b5 Ke8 44. f4 Kd7 45. Bg4+ f5 46. Be2 Kc7 47. Kf2 Bd7
48. Ke3 h5 49. Kd4 Be8 50. Bc4 Bxc6 51. dxc6 Rb8 52. Bf7 Rxb5 53. Bxg6 Rb4+ 54.
Kd5 Rb3 55. a7 Ra3 56. Bxh5 Rxa7 57. Be8 Ra3 58. Bd7 Rd3+ 59. Ke6 Rxg3 60. Kxf5
Re3 61. h5 d5 62. h6 Rh3 63. Ke5 Rh5+ 64. f5 d4 65. Kxd4 Kd6 66. Ke4 Rh4+ 67.
Kf3 Rxh6 68. Kg4 Ke7 69. Kg5 Rd6 70. Kf4 Rd1 71. Ke5 Re1+ 72. Kd5 Rd1+ 73. Kc5
Rxd7 74. cxd7 Kxd7 75. Kd5 Ke7 76. Ke5 Kf7 77. f6 Kf8 78. Ke6 Ke8 79. f7+ Kf8
80. Kf6 1/2-1/2

[Event "World Rapid 2022"]
[Site "Almaty KAZ"]
[Date "2022.12.27"]
[Round "9.75"]
[White "Averin, Nikolay"]
[Black "Narayanan, Srinath"]
[Result "0-1"]
[WhiteTitle "FM"]
[BlackTitle "GM"]
[WhiteElo "2342"]
[BlackElo "2559"]
[WhiteFideId "24250473"]
[BlackFideId "5018420"]
[EventDate "2022.12.26"]

1. e4 c6 2. d4 d5 3. Nd2 dxe4 4. Nxe4 Nf6 5. Nxf6+ exf6 6. c3 Bd6 7. Bd3 O-O 8.
Ne2 Re8 9. O-O Nd7 10. Bf4 Nf8 11. Bxd6 Qxd6 12. Qd2 Ng6 13. Rfe1 Be6 14. Ng3 b6
15. Ne4 Qd7 16. Re3 h6 17. Qc2 Nf4 18. a4 Bd5 19. Bf1 Ne6 20. Nd2 Ng5 21. Rae1
Rxe3 22. Rxe3 Qg4 23. Qd3 Qd1 24. c4 Be6 25. h4 Nh7 26. b3 Rd8 27. Nf3 Qa1 28.
Qc3 Qa3 29. Ne1 Qd6 30. Nc2 f5 31. Re5 Nf6 32. f3 Nh5 33. Qe1 Nf4 34. Re3 h5 35.
g3 Ng6 36. f4 Nf8 37. Be2 g6 38. Qb4 Qc7 39. Bf3 Nh7 40. Qc3 Qd6 41. Qb4 Qc7 42.
Qc3 Rd6 43. Kh2 Qd8 44. c5 bxc5 45. dxc5 Rd2+ 46. Kg1 Nf6 47. Nb4 Ng4 48. Nxc6
Qd7 49. Ne5 Nxe5 50. Qxe5 Rc2 51. Qd6 Qxd6 52. cxd6 Rd2 53. Kf1 Rxd6 54. Ke1 Kg7
55. Bd1 Kf6 56. Ke2 Bc8 57. Bc2 Ba6+ 58. Bd3 Bb7 59. Kd2 Bd5 60. Kc3 Rc6+ 61.
Kb2 Rb6 62. Bc2 Be6 63. Kc3 Ke7 64. Rd3 f6 65. Rd4 Rb8 66. b4 Rg8 67. Bd1 Bf7
68. b5 g5 69. fxg5 fxg5 70. Kb4 gxh4 71. gxh4 Rg1 72. Ka5 Kf6 73. Ka6 Ke5 74.
Rd2 f4 75. Kxa7 Bd5 76. a5 Rg7+ 77. Kb6 Rb7+ 78. Ka6 Rd7 79. Kb6 Rb7+ 80. Kc5
Rc7+ 81. Kb6 Rb7+ 82. Ka6 Rd7 0-1

[Event "World Rapid 2022"]
[Site "Almaty KAZ"]
[Date "2022.12.27"]
[Round "9.76"]
[White "Postlmayer, Jakob"]
[Black "Svane, Frederik"]
[Result "0-1"]
[WhiteTitle "FM"]
[BlackTitle "GM"]
[WhiteElo "2314"]
[BlackElo "2568"]
[WhiteFideId "1643622"]
[BlackFideId "12923044"]
[EventDate "2022.12.26"]

1. d4 Nf6 2. c4 e6 3. Nf3 d5 4. Nc3 Nbd7 5. Bf4 Bb4 6. e3 c5 7. a3 Bxc3+ 8. bxc3
Qa5 9. Qb3 O-O 10. Bd3 dxc4 11. Bxc4 cxd4 12. Bd6 dxe3 13. Bxf8 exf2+ 14. Kxf2
Nxf8 15. Qb4 Qc7 16. Rhe1 a5 17. Qb3 Qc5+ 18. Nd4 Bd7 19. Kg1 Rc8 20. Bb5 e5 21.
Bxd7 N8xd7 22. Qb5 exd4 23. Qxc5 Rxc5 24. cxd4 Rd5 25. Rac1 g5 26. Rc8+ Kg7 27.
Ra8 b6 28. Rd1 Rb5 29. Rd3 Nd5 30. g3 Rb1+ 31. Kg2 Rb2+ 32. Kg1 N7f6 33. Rd8 g4
34. Rd6 Re2 35. Rb3 Ne3 36. Rxf6 Kxf6 37. Rxb6+ Kf5 38. Rh6 Ke4 39. Rxh7 f5 40.
Rb7 Kf3 41. Rb1 Rg2+ 42. Kh1 Rd2 0-1

[Event "World Rapid 2022"]
[Site "Almaty KAZ"]
[Date "2022.12.27"]
[Round "9.77"]
[White "Saraci, Nderim"]
[Black "Suyarov, Mukhammadzokhid"]
[Result "0-1"]
[WhiteTitle "IM"]
[BlackTitle "FM"]
[WhiteElo "2468"]
[BlackElo "2299"]
[WhiteFideId "6351921"]
[BlackFideId "14210495"]
[EventDate "2022.12.26"]

1. e4 e6 2. d4 d5 3. Nd2 h6 4. Ngf3 Nf6 5. Bd3 c5 6. exd5 Nxd5 7. O-O Nc6 8.
dxc5 Bxc5 9. a3 Be7 10. Re1 O-O 11. Nf1 b6 12. c4 Nf6 13. b3 Bb7 14. Bb2 Qc7 15.
Qe2 Rfd8 16. Rad1 Rac8 17. Ng3 Na5 18. Bb1 Nxb3 19. Bxf6 Bxf6 20. Qc2 Rxd1 21.
Qh7+ Kf8 22. Qh8+ Ke7 23. Nf5+ Kd7 24. Rxd1+ Kc6 25. Qh7 Rd8 26. Be4+ Kc5 27.
Ne3 Rxd1+ 28. Nxd1 Qd7 29. Ne3 Na5 30. Bxb7 Nxb7 31. Qe4 Nd6 32. Qf4 Qa4 33. g4
Qxa3 34. h4 e5 35. Qg3 Qa1+ 36. Kh2 e4 37. g5 hxg5 38. hxg5 Bc3 39. Nd2 Bxd2 40.
Nc2 Qc3 41. Ne3 Bxe3 0-1

[Event "World Rapid 2022"]
[Site "Almaty KAZ"]
[Date "2022.12.27"]
[Round "9.78"]
[White "Burmakin, Vladimir"]
[Black "Elier, Ali"]
[Result "1-0"]
[WhiteTitle "GM"]
[WhiteElo "2498"]
[BlackElo "2165"]
[WhiteFideId "4105109"]
[BlackFideId "16217543"]
[EventDate "2022.12.26"]

1. Nf3 Nf6 2. g3 d5 3. Bg2 e6 4. c4 Be7 5. d4 O-O 6. Qc2 dxc4 7. Qxc4 a6 8. Ne5
Nc6 9. Nxc6 bxc6 10. Bxc6 Rb8 11. a3 Bd7 12. Bxd7 Qxd7 13. O-O Rb5 14. Nc3 Rh5
15. f3 e5 16. dxe5 Qh3 17. Rf2 Rxe5 18. b4 Rh5 19. Bf4 Rc8 20. g4 Nxg4 21. fxg4
Rh4 22. Bg3 Bf6 23. Bxh4 Qxh4 24. Rd1 h5 25. Ne4 Qxg4+ 26. Rg2 Qh4 27. Nxf6+
Qxf6 28. Rf1 Qb6+ 29. Qc5 Re8 30. Qxb6 cxb6 31. Rf3 g6 32. Kf2 Re5 33. Rf6 Rb5
34. Rc6 a5 35. Rc4 axb4 36. Rxb4 Ra5 37. Rg3 Ra6 38. Rgb3 1-0

[Event "World Rapid 2022"]
[Site "Almaty KAZ"]
[Date "2022.12.27"]
[Round "9.79"]
[White "Suleimen, Ergali"]
[Black "Kazakov, Konstantin"]
[Result "0-1"]
[BlackTitle "IM"]
[WhiteElo "2073"]
[BlackElo "2385"]
[WhiteFideId "13724452"]
[BlackFideId "13700898"]
[EventDate "2022.12.26"]

1. e4 c5 2. Nf3 g6 3. g3 Bg7 4. Bg2 Nc6 5. O-O d6 6. c3 Bg4 7. h3 Bxf3 8. Bxf3
e6 9. d3 Nge7 10. Nd2 O-O 11. Bg2 Rb8 12. a4 a6 13. f4 Qd7 14. Nf3 b5 15. axb5
axb5 16. d4 cxd4 17. cxd4 d5 18. e5 Ra8 19. Rxa8 Rxa8 20. g4 Qa7 21. Be3 Qa4 22.
Qd3 Qc4 23. Qd2 Qb3 24. Qc3 Qxc3 25. bxc3 b4 26. cxb4 Nxb4 27. Rb1 Nc2 28. Bf2
Nc6 29. Rb2 N2b4 30. Rd2 Bh6 31. Ng5 Bxg5 32. fxg5 Ra1+ 33. Kh2 Ra2 34. Rxa2
Nxa2 35. Bf1 Nc3 36. Kg2 Kf8 37. Kf3 Ke7 38. h4 Kd7 39. h5 Kc7 40. Bd3 Kb6 41.
Bc2 Nb5 42. Ke3 Kc7 43. Kd3 Nb4+ 44. Kd2 Nxc2 45. Kxc2 Na3+ 46. Kb3 Nc4 47. Ka4
Kc6 48. Bg1 Nd2 49. Ka5 Nf3 50. Be3 Ne1 51. h6 Nd3 52. Ka6 Kc7 53. Kb5 Kb7 54.
Bd2 Kc7 55. Be3 Kd7 56. Bd2 Nf2 57. Be3 Ne4 58. Kb6 Nc3 59. Bd2 Na4+ 60. Kb7 Nb2
61. Bc1 Nc4 62. Bf4 Na3 63. Be3 Nc2 64. Bf2 Kd8 65. Kb8 Na3 66. Be3 Kd7 67. Kb7
Nc4 68. Bc1 Na5+ 69. Kb6 Nc6 70. Be3 Nb4 71. Kb7 Nd3 72. Bd2 Nf2 73. Be3 Nxg4
74. Bg1 f5 75. exf6 e5 76. dxe5 Nxe5 77. Bc5 Ke6 78. Kc7 Nf3 79. Kc6 d4 0-1

[Event "World Rapid 2022"]
[Site "Almaty KAZ"]
[Date "2022.12.27"]
[Round "9.80"]
[White "Mamatov, Melis"]
[Black "Nurgaliyev, Sauat"]
[Result "0-1"]
[WhiteTitle "FM"]
[BlackTitle "CM"]
[WhiteElo "2399"]
[BlackElo "2150"]
[WhiteFideId "13800027"]
[BlackFideId "13726285"]
[EventDate "2022.12.26"]

1. e4 c5 2. Nf3 d6 3. d4 cxd4 4. Nxd4 Nf6 5. Nc3 a6 6. Be3 e5 7. Nf3 Qc7 8. a4
Be7 9. a5 O-O 10. Be2 h6 11. O-O Be6 12. Nd5 Nxd5 13. exd5 Bf5 14. c4 Nd7 15. b4
Bh7 16. Nd2 f5 17. f4 Rae8 18. fxe5 Nxe5 19. Bb6 Qd7 20. Nf3 Nxf3+ 21. Bxf3 Bf6
22. Ra2 g5 23. h3 Qg7 24. Re2 Be5 25. Bh5 Rc8 26. c5 g4 27. cxd6 gxh3 28. d7 Qg3
29. Rf3 Qh2+ 30. Kf1 Qh1+ 31. Kf2 Qxd1 32. dxc8=Q 0-1

[Event "World Rapid 2022"]
[Site "Almaty KAZ"]
[Date "2022.12.27"]
[Round "9.81"]
[White "Christiansen, Johan-Sebastian"]
[Black "Akhilbay, Imangali"]
[Result "1-0"]
[WhiteTitle "GM"]
[WhiteElo "2578"]
[BlackElo "2140"]
[WhiteFideId "1512668"]
[BlackFideId "13734857"]
[EventDate "2022.12.26"]

1. Nf3 Nf6 2. c4 g6 3. g3 Bg7 4. Bg2 O-O 5. d4 d5 6. cxd5 Nxd5 7. O-O Nb6 8. Nc3
Nc6 9. e3 a5 10. Ne1 e5 11. d5 Ne7 12. e4 f5 13. Be3 Nc4 14. Qb3 Nd6 15. f3 b6
16. Nd3 Ba6 17. Rad1 h6 18. Rfe1 g5 19. Bf2 f4 20. gxf4 gxf4 21. Bh3 Bc8 22.
Be6+ Bxe6 23. dxe6 a4 24. Qc2 Qe8 25. Kh1 Qh5 26. Qe2 Rf6 27. Nd5 Nxd5 28. exd5
Rf5 29. Rg1 e4 30. Bd4 Rg5 31. Nxf4 exf3 32. Qd3 Qh4 33. Bxg7 Kxg7 34. Rxg5+
hxg5 35. Qg6+ Kh8 36. Nh5 Ne8 37. Rg1 g4 38. Rxg4 1-0

[Event "World Rapid 2022"]
[Site "Almaty KAZ"]
[Date "2022.12.27"]
[Round "9.82"]
[White "Tulendinov, Dinmukhammed"]
[Black "Haldorsen, Benjamin"]
[Result "0-1"]
[WhiteTitle "CM"]
[BlackTitle "IM"]
[WhiteElo "1948"]
[BlackElo "2449"]
[WhiteFideId "13730860"]
[BlackFideId "1512633"]
[EventDate "2022.12.26"]

1. e4 c5 2. Nc3 Nc6 3. g3 g6 4. Bg2 Bg7 5. d3 d6 6. Nge2 e5 7. Nd5 Be6 8. Nec3
Qd7 9. Be3 f5 10. f4 Nf6 11. Nxf6+ Bxf6 12. Qd2 O-O 13. Nd5 Bg7 14. O-O-O fxe4
15. dxe4 b5 16. h4 Nd4 17. c3 Bxd5 18. exd5 Nf5 19. Bh3 b4 20. c4 e4 21. h5 Qa4
22. Kb1 b3 23. axb3 Qxb3 24. Bxf5 gxf5 25. h6 Bf6 26. g4 Rab8 27. Rh2 Bxb2 28.
Qxb2 Qxe3 0-1

[Event "World Rapid 2022"]
[Site "Almaty KAZ"]
[Date "2022.12.27"]
[Round "9.83"]
[White "Begmuratov, Khumoyun"]
[Black "Degenbaev, Aziz"]
[Result "1-0"]
[WhiteTitle "FM"]
[WhiteElo "2399"]
[BlackElo "2139"]
[WhiteFideId "14210207"]
[BlackFideId "13802640"]
[EventDate "2022.12.26"]

1. e4 e6 2. d4 d5 3. Nc3 Nf6 4. Bg5 Be7 5. exd5 exd5 6. Bd3 h6 7. Bf4 O-O 8.
Nge2 c6 9. O-O Re8 10. Ng3 Bd6 11. Qd2 Be6 12. Rfe1 Bxf4 13. Qxf4 Nbd7 14. Nce2
Nf8 15. Qd2 Qb6 16. c3 Bd7 17. Nf4 Ne6 18. Nfh5 Nxh5 19. Nxh5 Ng5 20. h4 Ne4 21.
Bxe4 dxe4 22. Qf4 Qb5 23. Ng3 e3 24. Re2 exf2+ 25. Rxf2 Be6 26. Ne4 Qd5 27. b3
Rad8 28. Raf1 b6 29. Rf3 Qh5 30. Rg3 Kf8 31. Rgf3 Bd5 32. Ng3 Qg6 33. R3f2 b5
34. Nf5 Re4 35. Qc7 Ra8 36. h5 Qg5 37. c4 bxc4 38. bxc4 Be6 39. Qxc6 Bxf5 40.
Qxa8+ Re8 41. Qd5 Be6 42. Rxf7+ Kg8 43. Rf8+ Rxf8 44. Qxe6+ Kh7 45. Rxf8 1-0

[Event "World Rapid 2022"]
[Site "Almaty KAZ"]
[Date "2022.12.27"]
[Round "9.84"]
[White "Korelskiy, Egor"]
[Black "Amangeldy, Ernur"]
[Result "0-1"]
[WhiteTitle "FM"]
[WhiteElo "2153"]
[BlackElo "2097"]
[WhiteFideId "34329064"]
[BlackFideId "13720244"]
[EventDate "2022.12.26"]

1. e4 e5 2. Nf3 Nc6 3. Bb5 a6 4. Ba4 Nf6 5. O-O b5 6. Bb3 Bc5 7. c3 d6 8. d4 Bb6
9. h3 O-O 10. Re1 Bb7 11. Bg5 h6 12. Bxf6 Qxf6 13. Bd5 Rab8 14. Bxc6 Bxc6 15.
dxe5 dxe5 16. Nbd2 Rbd8 17. Qe2 Rd6 18. Nf1 Rfd8 19. Ne3 Bxe3 20. Qxe3 Bb7 21.
Qc5 Rc6 22. Qe3 Bc8 23. a4 bxa4 24. Rxa4 Rb6 25. b4 Bd7 26. Raa1 Bb5 27. Red1
Rbd6 28. Rdc1 Rd3 29. Qe1 Rxf3 30. gxf3 Rd6 31. c4 Bd7 32. Rd1 Bxh3 33. Kh2 Qxf3
34. Qg1 Rg6 35. Rd8+ Kh7 36. Qxg6+ fxg6 37. Rg1 Qxf2+ 38. Kh1 Qh4 39. Rd2 Qxe4+
40. Kh2 Qf4+ 41. Kxh3 Qxd2 42. b5 axb5 43. cxb5 Qd3+ 44. Rg3 0-1

[Event "World Rapid 2022"]
[Site "Almaty KAZ"]
[Date "2022.12.27"]
[Round "9.85"]
[White "Abdilkhair, Abilmansur"]
[Black "Everett, Elijah"]
[Result "1-0"]
[WhiteTitle "FM"]
[WhiteElo "2278"]
[BlackElo "2202"]
[WhiteFideId "13716417"]
[BlackFideId "12973696"]
[EventDate "2022.12.26"]

1. d4 Nf6 2. Nc3 d5 3. Bf4 g6 4. e3 Bg7 5. h4 c5 6. Nb5 Na6 7. c3 Bg4 8. Nf3 O-O
9. Be2 cxd4 10. exd4 Qb6 11. a4 Rfc8 12. O-O Qd8 13. Re1 Nb8 14. Ne5 Bxe2 15.
Qxe2 a6 16. Nxf7 Qb6 17. Nfd6 1-0

[Event "World Rapid 2022"]
[Site "Almaty KAZ"]
[Date "2022.12.27"]
[Round "9.86"]
[White "Mamedov, Edgar"]
[Black "Shishkov, Andrei"]
[Result "0-1"]
[WhiteTitle "FM"]
[BlackTitle "IM"]
[WhiteElo "2283"]
[BlackElo "2340"]
[WhiteFideId "13739980"]
[BlackFideId "4500563"]
[EventDate "2022.12.26"]

1. Nf3 Nf6 2. c4 e6 3. Nc3 d5 4. e3 a6 5. d4 Be7 6. b3 O-O 7. Bb2 dxc4 8. bxc4
c5 9. Bd3 Nc6 10. O-O cxd4 11. exd4 b6 12. Qe2 Nb4 13. Bb1 Bb7 14. a3 Nc6 15.
Rd1 Re8 16. Qd3 Na5 17. d5 Bf8 18. Ng5 Bc5 19. Qh3 exd5 20. Bxh7+ Kf8 21. Bf5
Nxc4 22. Qh8+ Ng8 23. Nxd5 Qxg5 24. Bh7 Bxd5 25. Rxd5 Qxd5 26. Qxg7+ Ke7 27. Bc3
Kd7 28. Qg4+ Kc6 29. Rd1 Nh6 30. Qf3 Qxf3 31. gxf3 Rad8 32. Rc1 b5 33. Be4+ Kb6
34. a4 f5 35. Bc2 Re2 36. a5+ Kb7 37. Kh1 Rxf2 38. Bb3 Rxf3 39. Bf6 Rd2 40. Bg5
Rxb3 41. Bxd2 Nxd2 42. Rxc5 Ne4 43. Re5 Rb1+ 44. Kg2 Rb2+ 45. Kg1 Ng5 46. Re7+
Kc6 47. Ra7 Ng4 48. Kf1 Nf3 49. Rxa6+ Kc5 0-1

[Event "World Rapid 2022"]
[Site "Almaty KAZ"]
[Date "2022.12.27"]
[Round "9.87"]
[White "Uruci, Endrit"]
[Black "Vetokhin, Savva"]
[Result "1-0"]
[WhiteTitle "FM"]
[BlackTitle "IM"]
[WhiteElo "2297"]
[BlackElo "2354"]
[WhiteFideId "22100199"]
[BlackFideId "44144474"]
[EventDate "2022.12.26"]

1. e4 c5 2. Nf3 e6 3. d4 cxd4 4. Nxd4 Nf6 5. Nc3 Nc6 6. Ndb5 d6 7. Bf4 e5 8. Bg5
a6 9. Bxf6 gxf6 10. Na3 b5 11. Nd5 Bg7 12. c3 Ne7 13. Nxe7 Qxe7 14. Nc2 Be6 15.
Ne3 O-O 16. Bd3 Qb7 17. O-O Rfd8 18. Qf3 Rac8 19. Rfc1 Rc5 20. b4 Rc7 21. a4
Rdc8 22. axb5 axb5 23. Ra3 Ra8 24. Rca1 Rcc8 25. Rxa8 Rxa8 26. Rxa8+ Qxa8 27.
Bxb5 Qa1+ 28. Nf1 Kf8 29. Qd3 Ke7 30. Bc4 Bd7 31. b5 Bh6 32. Bd5 Qb2 33. c4 Bc1
34. Qd1 Bg5 35. Qh5 Be6 36. h4 Bf4 37. Bxe6 Kxe6 38. g3 Bc1 39. Qd1 Qc3 40. Qd5+
Ke7 41. b6 Qb4 42. b7 Qb6 43. Qb5 1-0

[Event "World Rapid 2022"]
[Site "Almaty KAZ"]
[Date "2022.12.28"]
[Round "10.3"]
[White "Abdusattorov, Nodirbek"]
[Black "Yu, Yangyi"]
[Result "1/2-1/2"]
[WhiteTitle "GM"]
[BlackTitle "GM"]
[WhiteElo "2713"]
[BlackElo "2728"]
[WhiteFideId "14204118"]
[BlackFideId "8603820"]
[EventDate "2022.12.26"]

1. e4 e5 2. Nf3 Nf6 3. Nxe5 d6 4. Nf3 Nxe4 5. d4 d5 6. Bd3 Nc6 7. O-O Be7 8. c4
Nb4 9. Be2 O-O 10. Nc3 Be6 11. Ne5 c5 12. Nxe4 dxe4 13. d5 Bc8 14. a3 Na6 15. f4
f6 16. Ng4 Bxg4 17. Bxg4 f5 18. Be2 Bf6 19. Kh1 Qd6 20. Rb1 Bd4 21. b4 b6 22.
Qa4 Nc7 23. Qc6 Qxc6 24. dxc6 Rf6 25. b5 g6 26. a4 a5 27. Rb3 h5 28. g3 Kf7 29.
Kg2 Ke7 30. Bd2 Rd6 31. Rd1 Ne6 32. Be1 Kd8 33. h4 Kc7 34. Rbb1 Rad8 35. Rd2 Ng7
36. Rbd1 Ne8 37. Kf1 Nf6 38. Kg2 Re8 39. Rc2 Red8 40. Rcd2 Re8 1/2-1/2

[Event "World Rapid 2022"]
[Site "Almaty KAZ"]
[Date "2022.12.28"]
[Round "10.6"]
[White "Nihal, Sarin"]
[Black "Duda, Jan-Krzysztof"]
[Result "1/2-1/2"]
[WhiteTitle "GM"]
[BlackTitle "GM"]
[WhiteElo "2670"]
[BlackElo "2729"]
[WhiteFideId "25092340"]
[BlackFideId "1170546"]
[EventDate "2022.12.26"]

1. d4 Nf6 2. Nf3 d5 3. c4 e6 4. e3 a6 5. b3 c5 6. Bb2 cxd4 7. exd4 b6 8. Nbd2
Bb7 9. Bd3 Nc6 10. O-O Be7 11. Rc1 O-O 12. a3 Rc8 13. Qe2 dxc4 14. bxc4 Re8 15.
Rfd1 Bf8 16. Nf1 g6 17. Ne3 Bg7 18. Bc3 Ne7 19. d5 exd5 20. Qb2 Rc6 21. cxd5
Rxc3 22. Qxc3 Nfxd5 23. Qe1 Qb8 24. Nxd5 Nxd5 25. Qf1 Nf4 26. Bxa6 Bxf3 27. gxf3
Bb2 28. Rc4 Bxa3 29. Re1 Rd8 30. Ree4 Nh5 31. Rcd4 Bc5 32. Rxd8+ Qxd8 33. Qc1
Qf6 34. Be2 Bd6 35. Qd2 Nf4 36. Bf1 Kg7 37. Qd4 Nh5 38. Bc4 Bc5 39. Qxf6+ Nxf6
40. Re2 Kf8 41. Kg2 Nh5 42. Ra2 Nf4+ 43. Kf1 f5 44. Ra7 h5 45. Rb7 h4 46. Rf7+
Ke8 47. Rh7 h3 48. Rh4 Bd6 49. Rh7 Bc5 50. Kg1 Kf8 51. Rf7+ Ke8 52. Rh7 Kf8 1/2-1/2

[Event "World Rapid 2022"]
[Site "Almaty KAZ"]
[Date "2022.12.28"]
[Round "10.7"]
[White "Nepomniachtchi, Ian"]
[Black "Tomashevsky, Evgeny"]
[Result "1-0"]
[WhiteTitle "GM"]
[BlackTitle "GM"]
[WhiteElo "2793"]
[BlackElo "2694"]
[WhiteFideId "4168119"]
[BlackFideId "4147235"]
[EventDate "2022.12.26"]

1. e4 e5 2. Nf3 Nc6 3. Bb5 Nf6 4. d3 Bc5 5. Bxc6 dxc6 6. Nbd2 Nd7 7. O-O O-O 8.
Nc4 Re8 9. a4 b6 10. Kh1 a5 11. Be3 Bd6 12. Ng1 Nf8 13. Ne2 Ng6 14. f4 exf4 15.
Nxd6 cxd6 16. Nxf4 d5 17. Nxg6 hxg6 18. Qf3 Be6 19. e5 d4 20. Bf4 g5 21. Bd2 g4
22. Qg3 Qe7 23. Rae1 Rad8 24. h4 Rd5 25. Bg5 Qc7 26. h5 Bc8 27. e6 Qxg3 28.
exf7+ Kh7 29. fxe8=Q Rxg5 30. Rf8 1-0

[Event "World Rapid 2022"]
[Site "Almaty KAZ"]
[Date "2022.12.28"]
[Round "10.8"]
[White "Grischuk, Alexander"]
[Black "Amin, Bassem"]
[Result "1/2-1/2"]
[WhiteTitle "GM"]
[BlackTitle "GM"]
[WhiteElo "2745"]
[BlackElo "2682"]
[WhiteFideId "4126025"]
[BlackFideId "10601457"]
[EventDate "2022.12.26"]

1. d4 Nf6 2. c4 g6 3. Nc3 Bg7 4. e4 d6 5. h3 O-O 6. Be3 Nbd7 7. Nf3 e5 8. d5 Nc5
9. Nd2 a5 10. Be2 Ne8 11. g4 f5 12. gxf5 gxf5 13. Rg1 Kh8 14. a3 Nf6 15. Qc2
Nfxe4 16. Ndxe4 fxe4 17. Bxc5 dxc5 18. Nxe4 Bf5 19. O-O-O Bxe4 20. Qxe4 Rf4 21.
Qc2 e4 22. Rg4 Rxg4 23. Bxg4 Qf6 24. Re1 h5 25. Be6 Ra6 26. Re2 Rb6 27. Qxe4
Rxb2 28. Rxb2 Qxb2+ 29. Kd1 Qxa3 30. d6 cxd6 31. Bd5 Qa1+ 32. Ke2 Qe5 33. Bxb7
a4 34. f4 Qxe4+ 35. Bxe4 a3 36. Bb1 Kg8 37. Ke3 Kf7 38. Ke4 Ke6 39. Ba2 Bb2 40.
Bb3 Bc1 41. Ba2 Kd7 42. Kf5 Kc6 43. Ke4 Bd2 44. Bb3 Kb6 45. f5 Ka5 46. Ba2 Bg5
47. Kd3 Bf6 48. Kc2 Kb4 49. Kd3 Be5 50. Kc2 Ka5 51. Kb3 Bb2 52. f6 Bxf6 53. Kxa3 1/2-1/2

[Event "World Rapid 2022"]
[Site "Almaty KAZ"]
[Date "2022.12.28"]
[Round "10.9"]
[White "Mamedyarov, Shakhriyar"]
[Black "Tsydypov, Zhamsaran"]
[Result "1/2-1/2"]
[WhiteTitle "GM"]
[BlackTitle "GM"]
[WhiteElo "2740"]
[BlackElo "2534"]
[WhiteFideId "13401319"]
[BlackFideId "4108566"]
[EventDate "2022.12.26"]

1. d4 Nf6 2. c4 e6 3. Nc3 d5 4. cxd5 exd5 5. Bg5 c6 6. e3 Be7 7. Bd3 Ne4 8. Bxe7
Qxe7 9. Qc2 Nd6 10. Nge2 g6 11. O-O Bf5 12. Ng3 Bxd3 13. Qxd3 Nd7 14. f3 O-O 15.
e4 dxe4 16. fxe4 Rad8 17. e5 Ne8 18. Rae1 Nc5 19. Qe3 Ne6 20. Nce4 Qb4 21. Qh6
Qxd4+ 22. Kh1 Qxe5 23. Nf6+ Qxf6 24. Rxf6 Nxf6 25. h3 Rd5 26. Rf1 Nd7 27. Ne4 f5
28. Nc3 Rd6 29. Qe3 Nb6 30. Rd1 Rxd1+ 31. Nxd1 Re8 32. Nf2 Nc7 33. Qa3 Nb5 34.
Qc5 Nd7 35. Qc4+ Kf8 36. a4 Nd6 37. Qd4 Re6 38. Nd3 b6 39. Qh8+ Ke7 40. Qxh7+
Nf7 41. Kh2 Nf6 42. Qh4 g5 43. Qc4 Nd7 44. Qa6 Rd6 45. Nb4 Nfe5 46. Qxa7 c5 47.
Na6 Rd2 48. Qb7 f4 49. Kg1 Rd1+ 50. Kf2 Rd2+ 51. Kf1 Rd1+ 52. Ke2 Rb1 53. Nc7
Rxb2+ 54. Kd1 Rb3 55. Kc2 Ra3 56. Nd5+ Kd6 57. Nc3 Ke7 58. Qe4 c4 59. Qh7+ Nf7
60. Nd5+ Kf8 61. Qf5 Ne5 62. Nc3 Ra1 63. Qe6 Rg1 64. Ne4 Rxg2+ 65. Kc3 Re2 66.
Qf5 Re3+ 67. Kc2 Nf3 68. Qc8+ Kg7 69. Qxc4 N7e5 70. Qc7+ Kh6 71. Qxb6+ Kh5 72.
Qa7 Kh6 73. Qb6+ Kh5 74. Qa7 Kh6 75. Qa6+ Kh5 76. Qa7 1/2-1/2